Geography Quiz

Random Geography or City Quiz

US Cities by Google Street View Quiz Stats

Quiz not verified by Sporcle

Challenge
Share
Tweet
Score 0/20 Timer 05:00
0 Plays Today
% Correct
San Francisco, CA
96.2%
Los Angeles, CA
92.8%
New York, NY
87.6%
Detroit, MI
79.4%
Columbus, OH
72.6%
Nashville, TN
68.2%
New Orleans, LA
67.5%
Pittsburgh, PA
61.9%
Milwaukee, WI
60.5%
Louisville, KY
54.3%
% Correct
San Antonio, TX
48.3%
Key West, FL
47.8%
Boston, MA
45%
Little Rock, AR
38.1%
Portland, OR
36.8%
Juneau, AK
35%
Atlanta, GA
31.3%
Kansas City, MO
30.5%
St. Louis, MO
29.3%
Baltimore, MD
20.4%

You're not logged in!

Compare scores with friends on all Sporcle quizzes.
Sign Up with Email
OR
Log In

You Might Also Like...

Show Comments

Extras

Curator's Pick Dec 14, 2013SourceReportNominate
Tags:City Quiz, google, street, US Cities, view

Top Quizzes Today


Score Distribution

Your Account Isn't Verified!

In order to create a playlist on Sporcle, you need to verify the email address you used during registration. Go to your Sporcle Settings to finish the process.